000 00584nam a22001817a 4500
005 20230307041805.0
008 230307b |||||||| |||| 00| 0 eng d
020 _a978-0-8153-5092-7
082 _a394.2068 An627 2020
100 _aAntchak, Vladimir
_eauthor
245 _aThe fundamentals of event design /
_cVladimir Antchak, Olivia Ramsbottom
260 _aNew York:
_bRoutledge,
_cc2020
300 _axiv, 197p.:
_bill.
504 _aIncludes bibliographical references and index
541 _e6732
650 _aSpecial events - Management
700 _aRamsbottom, Olivia
_eauthor
999 _c1623
_d1623